000 00551nam a2200193 i 4500
001 56936
003 ES-MaACL
005 20230906163459.0
007 t|
008 031014s1907 fr ||||1| fre d
100 1 _aDiehl, Charles (
_d1859-1914)
_944588
245 1 0 _aPalerme et Syracuse /
_cCharles Diehl.
260 _a[S.l. :
_bs.n.,
_c1907] (
_eEvreux :
_fCh. Herissey)
300 _a164 p. ;
_c26 cm.
490 1 _aLes villes d'art celebres
830 0 _aLes villes d'art celebres
_9181445
852 _aES-MaACL
_jF-2105
999 _c56936
_d56936